00957nam a2200181 a 4500008004100000050001500041110006400056245021200120260003600332300001900368350000900387490010200396650003100498650000800529995010000537999001700637952012100654060410s2004 ||||||||||||||||| || u aUNCTAD(02) aUnited Nations Conference on Trade and Development (UNCTAD)10aModel law on competition: substantive possible elements for a competition law, commentaries and alternative approaches in existing legislationscby United Nations Conference on Trade and Development (UNCTAD) aNew York:bUNITED NATIONSc2004 av, 101p.: ill. a0.00 aUnited Nations Conference on Trade and Development Series on Issues in Competition Law and Policy aCOMPETITION, INTERNATIONAL aLAW D0.00FCBU-MAIN LIBRARY (Kitwe)H1I0.00M1UAVAILABLEWApr 10, 2006ZInternational Publications c51371d51371 00102lcc4070a001b001cInternational Publicationsd2022-11-30l0oUNCTAD(02)p44069r2022-11-30w2022-11-30y002